EU4 End-game tags - Statistics

General Stats
  • This quiz has been taken 284 times
  • The average score is 20 of 34
Answer Stats
Answer % Correct
Great Britain
94%
Russia
94%
Spain
91%
Germany
90%
Holy Roman Empire
86%
Japan
85%
Roman Empire
85%
Italy
84%
United States
84%
Qing
77%
Mongol Empire
74%
Commonwealth
73%
Brazil
71%
Mughals
70%
Ottomans
69%
Mexico
67%
Arabia
66%
Hindustan
66%
Ming
66%
Yuan
64%
Canada
57%
Bharat
55%
Australia
49%
Byzantium
41%
Rum
40%
Andalusia
38%
Lotharingia
32%
Ethiopia
30%
Aksum
25%
The Papal State
25%
Mali
20%
Zimbabwe
19%
Somalia
13%
Rozwi Empire
3%
No matching quizzes found
Score Distribution
Percent of People with Each Score
Percentile by Number Answered
Your Score History
You have not taken this quiz